Croce e delizia /

保存先:
書誌詳細
第一著者: Farri, Andrea (作曲家)
その他の著者: Rovere, Matteo (プロデューサー), Sessa, Roberto (プロデューサー), Steigerwalt, Giulia (映画脚本家, シナリオライター), Ponsot, Clara (俳優), Ciprì, Daniele (写真家), Galiena, Anna (俳優), Bentivoglio, Fabrizio (俳優), Godano, Simone (映画脚本家, デイレクター), Gassmann, Alessandro (俳優), Savino, Lunetta (俳優), Trinca, Jasmine (俳優)
フォーマット: 学位論文 スライド
言語:イタリア語
出版事項: Italia : Warner Bros. Entertainment [distributore], ©2019
タグ: タグ追加
タグなし, このレコードへの初めてのタグを付けませんか!

MARC

LEADER 00000ngm a22000007i 4500
001 IT\ICCU\UBO\4400421
003 ItRI
005 20260124182846.0
008 190730s2019 it |||||||||||||||k|||||c
024 3 1 |a 5051891170124 
028 4 2 |a 1000745199  |b Picomedia 
040 |b ita 
041 7 |a ita  |2 ISO-639-2 
082 |a 791.43  |9 CINEMA  |2 21 
130 0 |a Croce e delizia <film ; 2019>  |3 IT\ICCU\UBO\4400422 
245 0 0 |a Croce e delizia /  |c regia di Simone Godano ; [soggetto Giulia Steigerwalt, Simone Godano ; sceneggiatura Giulia Steigerwalt ; fotografia Daniele Ciprì ; musiche Andrea Farri ; prodotto da Matteo Rovere e Roberto Sessa ; [cast] Alessandro Gassman, Jasmine Trinca, Fabrizio Bentivoglio ... [et al.]. 
260 |a Italia :  |b Warner Bros. Entertainment [distributore],  |c ©2019 
300 |a 1 DVD-Video (circa 96 min) :  |b color., sonoro ;  |c in contenitore, 19 cm  
500 |a Caratteristiche tecniche: regione 2; sistema e formato video: PAL, 16:9, 2.35:1; formato audio: Dolby digital 5.1 
500 |a Descrizione basata sul contenitore 
500 |a ©2019 Picomedia, Groenlandia 
500 |a Produzione cinematografica: Italia, 2019 
500 |a Lingue: italiano; sottotitoli: italiano, italiano per non udenti, inglese 
502 |a Contenuti speciali: Trailer; Backstage 
700 1 |a Rovere, Matteo  |0 IT\ICCU\CAGV\540112  |4 pro 
700 1 |a Sessa, Roberto  |0 IT\ICCU\DDSV\358124  |4 pro 
700 1 |a Steigerwalt, Giulia  |0 IT\ICCU\LO1V\400826  |4 aus 
700 1 |a Steigerwalt, Giulia  |0 IT\ICCU\LO1V\400826  |4 sce 
700 1 |a Ponsot, Clara  |0 IT\ICCU\MODV\654008  |4 act 
700 1 |a Ciprì, Daniele  |0 IT\ICCU\RAVV\093491  |4 pht 
700 1 |a Galiena, Anna  |0 IT\ICCU\RAVV\097381  |4 act 
700 1 |a Bentivoglio, Fabrizio  |0 IT\ICCU\RAVV\098659  |4 act 
700 1 |a Godano, Simone  |0 IT\ICCU\RAVV\362189  |4 aus 
700 1 |a Godano, Simone  |0 IT\ICCU\RAVV\362189  |4 drt 
700 1 |a Farri, Andrea  |0 IT\ICCU\RAVV\622194  |4 cmp 
700 1 |a Gassmann, Alessandro  |0 IT\ICCU\TO0V\018916  |4 act 
700 1 |a Savino, Lunetta  |0 IT\ICCU\UBOV\593445  |4 act 
700 1 |a Trinca, Jasmine  |0 IT\ICCU\UBOV\639415  |4 act 
710 2 |a Warner Bros. Entertainment  |0 IT\ICCU\DDSV\013420  |4 pbl 
790 1 |a Gassman, Alessandro  |3 IT\ICCU\SBNV\002762  |z Gassmann, Alessandro 
790 1 |a Gasmann, Alessandro  |3 IT\ICCU\SBNV\032880  |z Gassmann, Alessandro 
790 1 |a Savino, Giulia Lunetta  |3 IT\ICCU\SBNV\015507  |z Savino, Lunetta 
942 |2 ddc  |c VM  |n 0 
952 |0 0  |1 0  |4 0  |6 VO_2367_000000000000000  |7 0  |9 27117  |a BO  |b BO  |d 2026-01-24  |i 19164  |l 0  |o VO 2367  |p BO19164  |r 2026-01-24 18:28:46  |w 2026-01-24  |x [Sebina 7] [1 dvd]  |y VM  |z 1 dvd 
999 |c 22951  |d 22951